|
|
|
|
| LEADER |
00730cam a2200193 7i4500 |
| 001 |
0000009217 |
| 005 |
20191108090000.0 |
| 020 |
|
|
|a 9780072504170
|
| 020 |
|
|
|a 007250417x (pbk.)
|
| 090 |
0 |
0 |
|a QA152.3
|b .H79 2003
|
| 100 |
1 |
|
|a Hall, James W
|
| 245 |
1 |
0 |
|a Student's solutions manual for use with beginning and intermediate algebra :
|b the language and symbolism of mathematics
|c James W. Hall, Brian A. Mercer ; prepared by Mark Smith.
|
| 260 |
|
|
|a Boston:
|b McGraw-Hill,
|c 2003.
|
| 300 |
|
|
|a 425 p.:
|b ill.;
|c 29 cm.
|
| 650 |
0 |
0 |
|a Algebra
|
| 700 |
1 |
|
|a Smith, Mark
|
| 700 |
1 |
|
|a Mercer, Brian A
|
| 997 |
|
|
|a Engineering & Life Sciences, Faculty
|b Engineering, Department
|
| 999 |
|
|
|a 0000011704
|b BOK
|c OPEN SHELF
|e 2nd Floor, Bestari Jaya
|